[Event "Northumberland-ch Gilroy"]
[Site "Northumberland"]
[Date "2019.02.02"]
[Round "4"]
[White "Johnson, Stanley"]
[Black "Xu, Weiming"]
[Result "1/2-1/2"]
[WhiteElo "103"]
[BlackElo "112"]
[PlyCount "161"]
[EventDate "2018.10.27"]
[EventType "swiss"]
[EventRounds "7"]
[EventCountry "ENG"]
[SourceTitle "EXT 2020"]
[Source "ChessBase"]
[SourceDate "2019.10.17"]
[SourceVersion "1"]
[SourceVersionDate "2019.10.17"]
[SourceQuality "1"]

1. d4 d5 2. c4 e6 3. Nc3 Nf6 4. Nf3 Nbd7 5. e3 b6 6. Bd3 Bb7 7. b3 Bd6 8. Bb2 0-0 9. 0-0 c5 10. Rc1 Qe7 11. Nb5 Rfe8 12. Nxd6 Qxd6 13. dxc5 bxc5 14. Bxf6 Nxf6 15. Re1 e5 16. Bc2 d4 17. exd4 exd4 18. a3 Qf4 19. Qd2 Qd6 20. Qd1 Ng4 21. Qd3 Qh6 22. h3 Bxf3 23. Qxf3 Nf6 24. b4 cxb4 25. axb4 Rab8 26. b5 Rxe1+ 27. Rxe1 Qd2 28. Qe2 Qc3 29. Bd3 Kf8 30. Qe7+ Kg8 31. Qe2 Qb4 32. Rb1 Qa3 33. Re1 Kf8 34. Qd2 Rd8 35. Qc2 Qc3 36. Qxc3 dxc3 37. Rd1 Ne4 38. Bc2 Rxd1+ 39. Bxd1 Nd2 40. c5 Ke7 41. f3 Ke6 42. Kf2 Kd5 43. c6 Kd6 44. Ke3 Nc4+ 45. Kd4 Na3 46. Kxc3 Nxb5+ 47. Kb4 Kxc6 48. Ba4 a6 49. Kc4 Kd6 50. f4 Ke6 51. g4 g6 52. Kd3 f6 53. Bb3+ Kd6 54. Ke4 a5 55. h4 a4 56. Bg8 h6 57. Kd3 g5 58. hxg5 hxg5 59. fxg5 fxg5 60. Bc4 a3 61. Kc2 Nd4+ 62. Kb1 Ke5 63. Ba6 Kf4 64. Bc8 Nb5 65. Ka2 Nd6 66. Bd7 Nc4 67. Be6 Ne3 68. Kxa3 Nxg4 69. Kb2 Nf2 70. Kc2 Ne4 71. Kd1 Ng3 72. Ke1 Nf5 73. Kf2 g4 74. Bc8 g3+ 75. Kg1 Ne3 76. Bb7 Kg4 77. Bc8+ Kf3 78. Bb7+ Kg4 79. Bc8+ Nf5 80. Kg2 Kf4 81. Bxf5 1/2-1/2